000 00451nam a2200157 i 4500
001 75566
003 ES-MaACL
005 20230906172516.0
007 t|
008 040927q19001910sp ||||1| spa d
100 1 _aGrandía Soler, Mariano.
_959603
245 1 0 _aVocabulario de la conversación latina /
_cMariano Grandía Soler.
260 _aCórdoba :
_b[s.n.,
_c190-?] (
_fEl Defensor)
300 _a136 p. ;
_c20 cm.
852 _aES-MaACL
_jF-11569
999 _c75566
_d75566